000
00216 a2200097 4500
001
28395
100
_a
Wood, B D
245
_a
Applications of thermodynamics
260
_a
_b
Addison Wesley
_c
090
_c
19003
_d
19003
942
_a
NUST-CAE
_c
M
_c
10007
999
_c
263468
_d
263468